Ảnh hưởng của liều lượng chlorate kall, biện pháp khoanh cành và lượng phân đạm bón sau thu hoạch lên sự ra hoa sớm nhãn xuồng cơm vàng (Dimocarpus longan L.) tại huyện Châu Thành, tỉnh Đồng Tháp : Luận văn Thạc sĩ Khoa học Nông nghiệp. Chuyên ngành: Trồng trọt
Đề tài được thực hiện nhằm tìm ra phương pháp xử lý ra hoa nghịch mùa đạt hiệu quả cao , tăng năng suất, tăng hiệu quả kinh tế cho người trồng nhãn xuồng cơm vàng. Thí nghiệm được thực hiện trên cây nhãn xuồng cơm vàng 4-5 năm tuổi tạ...
Guardado en:
| Autor principal: | |
|---|---|
| Formato: | Libro |
| Lenguaje: | Undetermined |
| Publicado: |
Cần Thơ
Trường Đại học Cần Thơ
2008
|
| Materias: | |
| Etiquetas: |
Agregar Etiqueta
Sin Etiquetas, Sea el primero en etiquetar este registro!
|
| Thư viện lưu trữ: | Trung tâm Học liệu Trường Đại học Cần Thơ |
|---|
| LEADER | 01533nam a2200229Ia 4500 | ||
|---|---|---|---|
| 001 | CTU_139532 | ||
| 008 | 210402s9999 xx 000 0 und d | ||
| 082 | |a 634.714 | ||
| 082 | |b Ch121 | ||
| 088 | |a 606201 | ||
| 100 | |a Lê, Văn Chấn | ||
| 245 | 0 | |a Ảnh hưởng của liều lượng chlorate kall, biện pháp khoanh cành và lượng phân đạm bón sau thu hoạch lên sự ra hoa sớm nhãn xuồng cơm vàng (Dimocarpus longan L.) tại huyện Châu Thành, tỉnh Đồng Tháp : | |
| 245 | 0 | |b Luận văn Thạc sĩ Khoa học Nông nghiệp. Chuyên ngành: Trồng trọt | |
| 245 | 0 | |c Lê Văn Chấn; Trần Văn Hâu (Hướng dẫn Khoa học) | |
| 260 | |a Cần Thơ | ||
| 260 | |b Trường Đại học Cần Thơ | ||
| 260 | |c 2008 | ||
| 520 | |a Đề tài được thực hiện nhằm tìm ra phương pháp xử lý ra hoa nghịch mùa đạt hiệu quả cao , tăng năng suất, tăng hiệu quả kinh tế cho người trồng nhãn xuồng cơm vàng. Thí nghiệm được thực hiện trên cây nhãn xuồng cơm vàng 4-5 năm tuổi tại huyện Châu Thành tỉnh Đồng Tháp từ 8/2006-6/2008, gồm 3 thí nghiệm nghiên cứu,... | ||
| 650 | |a Longan,Dimocarpus longan L.,Cây nhãn | ||
| 650 | |x Planting,Kỹ thuật canh tác | ||
| 904 | |i Năm | ||
| 980 | |a Trung tâm Học liệu Trường Đại học Cần Thơ | ||